000 01091nas a2200241 i 4500
005 20260209154157.0
008 260209d su tr|j| |||| 00| 0 ara d
040 _aEG-GICUC
_cEG-GICUC
_dEG-GICUC
_erda
082 0 4 _a343،0531
_221
245 0 2 _aالمجلة العربية للدراسات الأمنية.
_nالمجلد الخامس - العدد التاسع.
264 0 1 _aالرياض :
_bجامعة نايف العربية للعلوم الأمنية،
_c1990 -
300 _aمجلد ؛
_c26 سم.
336 _2rda content
_aText
337 _2rda media
_aunmediated
338 _2rda carrier
_avolume
362 0 _a.
500 _aتعني بنشر البحوث في العلوم الجنائية والاجتماعية والنفسية والإستراتيجية والإدارية والتشريعية ذات العلاقة بالأمن بمفهومه الشامل.
500 _aيناير - فبراير 1990.
650 _aالقانون الجنائي
_vدوريات
856 _uhttps://fll.law.cu.edu.eg/fulltext/cr/S10-00515.pdf
905 _a9
942 _2ddc
_cCR
_n0
999 _c61903
_d61903